Operatori di telefonia mobile in Italia - Statistics

Statistiche generali
  • Questo quiz è stato fatto 181 volte
  • Il punteggio medio è 4 su 5
Statistiche sulle risposte
Avvio Commerciale Operatore % Corretto
1995 TIM
98%
2016 Wind Tre
94%
1995 Vodafone Italia
93%
2018 Iliad Italia
79%
2008 Fastweb
54%
Nessun quiz corrispondente trovato
Distribuzione punteggi
Percentuale di utenti per punteggio
Percentile per numero di risposta
I tuoi punteggi nel tempo
Non hai fatto questo quiz